zpět

Detail výsledku týmu

Forrum, Brno

Datum a čas kvízu

30.5 Celkem bodů Celkový počet nahraných bodů na tomto kvízu bez doplňovacích otázek.
5. Pořadí na kvízu Konečné umístění týmu na tomto kvízu.

Zaznamenané odpovědi

# Otázka Odpověď Body Výsledky
1. Ústavní soud odmítl stížnost N... Bouzov 1
2. Minulý pátek proběhla ve více... Fridays for Future 1
3. Známý herec zavolal v pondělí... Brad Pitt 1
4. Minulý týden byla potvrzena fú... Česká pojišťovna, Pojišťovna Generali 0
5. V pátek začala v Japonsku nejv... ragby 1
6. V tomto tématu se podíváme na... B 1
5. CHKO Kokořínsko byla v roce 20... Karel Hynek Mácha 1
5. Součástí jedné z nejnavštěvova... Šumava 1
5. Oceňovaný minipivovar Matuška... Křivoklátsko 0
5. Na území CHKO Třeboňsko můžeme... Jelčan a Sedlčan 1